Lettres / (Record no. 121828)

MARC details
000 -LEADER
campo de control de longitud fija 00846nam a2200241 4500
001 - NÚMERO DE CONTROL
campo de control 121828
003 - IDENTIFICADOR DE NÚMERO DE CONTROL
campo de control ES-MaACL
005 - FECHA Y HORA DE LA ÚLTIMA TRANSACCIÓN
campo de control 20250722063146.0
007 - CAMPO FIJO DE DESCRIPCIÓN FÍSICA--INFORMACIÓN GENERAL
campo de control de longitud fija t|
008 - DATOS DE LONGITUD FIJA--INFORMACIÓN GENERAL
campo de control de longitud fija 070214m19271928fr r ||||1| fre d
080 ## - NÚMERO DE LA CLASIFICACIÓN DECIMAL UNIVERSAL
Número de la Clasificación Decimal Universal 821.124-6"00"
100 1# - ENTRADA PRINCIPAL--NOMBRE DE PERSONA
Nombre de persona Plinio Cecilio Segundo, Cayo
9 (RLIN) 92658
245 10 - MENCIÓN DEL TÍTULO
Título Lettres /
Mención de responsabilidad, etc. Pline le Jeune ; texte établi et traduit par Anne-Marie Guillemin.
260 ## - PUBLICACIÓN, DISTRIBUCIÓN, ETC.
Lugar de publicación, distribución, etc. Paris :
Nombre del editor, distribuidor, etc. Les Belles Lettres,
Fecha de publicación, distribución, etc. 1927-1928.
300 ## - DESCRIPCIÓN FÍSICA
Extensión 3 v. ;
Dimensiones 21 cm.
490 1# - MENCIÓN DE SERIE
Mención de serie Collection des universités de France
505 8# - NOTA DE CONTENIDO CON FORMATO
Nota de contenido con formato Contiene: T.I: Livres I-III -- T.II: Livres IV-VI -- T.III: Livres VII-IX
546 ## - NOTA DE IDIOMA
Nota de lengua/lenguaje Texto en latín y francés.
700 1# - ENTRADA AGREGADA--NOMBRE PERSONAL
Nombre de persona Guillemin, Anne-Marie.
9 (RLIN) 60750
830 0# - PUNTO DE ACCESO ADICIONAL DE SERIE-TÍTULO UNIFORME
Título uniforme Collection des universités de France
9 (RLIN) 180876
852 ## - LOCALIZACIÓN
Ubicación ES-MaACL
Número de control de estantería C-7853-55
Sublocalización o colección R.14833
Holdings
Estatus retirado Estado de pérdida Estado de daño No para préstamo Biblioteca de origen Biblioteca actual Ubicación en estantería Fecha de adquisición Fuente de adquisición Total de préstamos Signatura topográfica completa Código de barras Visto por última vez Precio de reemplazo Tipo de ítem Koha
        Biblioteca del Ateneo de Madrid Biblioteca del Ateneo de Madrid Sala Palomar 17/01/2008     C-7853-55 1126955 23/02/2023 23/02/2023 Libro impreso